书目信息 |
| 题名: |
学生体育失范行为理论构建和实证研究
|
|
| 作者: | 陈善平 著 | |
| 分册: | ||
| 出版信息: | 西安 西安交通大学出版社 2021.06 |
|
| 页数: | 360页 | |
| 开本: | 24cm | |
| 丛书名: | 人文社科学术前沿研究文库 | |
| 单 册: | ||
| 中图分类: | G803 | |
| 科图分类: | ||
| 主题词: | 青少年--qing shao nian--体育道德--研究 | |
| 电子资源: | ||
| ISBN: | 978-7-5693-2167-8 | |
| 000 | 01202nam 2200277 450 | |
| 001 | CAL 010681920 | |
| 005 | 20230217093112.0 | |
| 010 | @a978-7-5693-2167-8@dCNY98.00 | |
| 100 | @a20220523d2021 em y0chiy0120 ea | |
| 101 | 0 | @achi |
| 102 | @aCN@b610000 | |
| 105 | @aa a 000yy | |
| 106 | @ar | |
| 200 | 1 | @a学生体育失范行为理论构建和实证研究@Axue sheng ti yu shi fan hang wei li lun gou jian he shi zheng yan jiu@f陈善平 ... [等] 著 |
| 210 | @a西安@c西安交通大学出版社@d2021.06 | |
| 215 | @a360页@c图@d24cm | |
| 225 | 2 | @a人文社科学术前沿研究文库@Aren wen she ke xue shu qian yan yan jiu wen ku |
| 304 | @a题名页题其余责任者: 刘丽萍, 张中江, 潘秀刚, 包静, 宋绍鹏 | |
| 320 | @a有书目 (第352-360页) | |
| 330 | @a本书共9章, 内容包括: 体育失范行为研究评述、学生体育失范行为的质性研究、学生体育失范行为相关测量工具、体育失范行为心理机制实证研究、大学生体育失范行为和心理的影响因素、大学生体育失范行为的现状、大学生体育失范行为心理的现状、研究总结及展望等。 | |
| 410 | 0 | @12001 @a人文社科学术前沿研究文库 |
| 606 | 0 | @a青少年@Aqing shao nian@x体育道德@x研究 |
| 690 | @aG803@v5 | |
| 701 | 0 | @a陈善平@Achen shan ping@4著 |
| 801 | 0 | @aCN@bBJXHZP@c20230228 |
| 905 | @b1387024-7@dG803@e2109@f4 | |
| 学生体育失范行为理论构建和实证研究/陈善平 ... [等] 著.-西安:西安交通大学出版社,2021.06 |
| 360页:图;24cm.-(人文社科学术前沿研究文库) |
| ISBN 978-7-5693-2167-8:CNY98.00 |
| 本书共9章, 内容包括: 体育失范行为研究评述、学生体育失范行为的质性研究、学生体育失范行为相关测量工具、体育失范行为心理机制实证研究、大学生体育失范行为和心理的影响因素、大学生体育失范行为的现状、大学生体育失范行为心理的现状、研究总结及展望等。 |
| ● |
| 相关链接 |
|
|
|
|
正题名:学生体育失范行为理论构建和实证研究
索取号:G803/2109
 
预约/预借
| 序号 | 登录号 | 条形码 | 馆藏地/架位号 | 状态 | 备注 |
| 1 | 1387024 | 213870248 | 第一样本阅览室/ [索取号:G803/2109] | 在馆 | |
| 2 | 1387025 | 213870257 | 第四借阅区/ [索取号:G803/2109] | 在馆 | |
| 3 | 1387026 | 213870266 | 第四借阅区/ [索取号:G803/2109] | 在馆 | |
| 4 | 1387027 | 213870275 | 第四借阅区/ [索取号:G803/2109] | 在馆 |